000 00764nam a2200253 a 4500
001 61886
003 BD-RjUL
005 20211209081019.0
008 170122s1985 txua b 001 0 eng
020 _a0256032785
035 _a(BD-RjUL)62011
040 _aDLC
_cDLC
_dBD-RjUL
_beng
041 _aeng
082 0 0 _a658.022
_223
_bSUC 1985
245 1 0 _aSuccessful small business management /
_cCurtis E. Tate, Jr. ... [et al.].
250 _a4th ed.
260 _aPlano, Tex. :
_bBusiness Publications,
_cc1985.
300 _axix, 654 p. :
_bill. ;
_c24 cm.
504 _aIncludes bibliographical references and index.
650 0 _aSmall business
_xManagement.
_9175341
700 1 _aTate, Curtis E.
_9184227
942 _2ddc
_cBK
999 _c61886
_d61886